Państwa w NATO i UE - Statystyki

Ogólne statystyki
  • Ten quiz został rozwiązany 753 razy
  • Średni wynik to 17 z 21
Statystyki odpowiedzi
NATO & EU-kraj % Poprawnych
Polska
100%
Niemcy
95%
Francja
93%
Hiszpania
93%
Portugalia
87%
Włochy
87%
Belgia
84%
Czechy
84%
Słowacja
82%
Litwa
81%
Estonia
80%
Holandia
80%
Łotwa
80%
Grecja
75%
Chorwacja
74%
Węgry
74%
Słowenia
72%
Rumunia
71%
Dania
69%
Bułgaria
68%
Luksemburg
60%
Nie znaleziono quizów pasujących do podanych kryteriów
Rozkład punktacji
Procent ludzi z każdym wynikiem
Percentyl według liczby udzielonych odpowiedzi
Twoja historia wyników
Nie rozwiązałeś tego quizu